000 00619nam a22002177a 4500
003 UA-OsUOA
001 97864
007 ta
008 20130408b un ||||| |||| 00| 0 ukr d
090 _a821.411.16
_bП28
942 _cBK
040 _aUA-OsUOA
_brus
_cUA-OsUOA
_dUA-OsUOA
245 _aПесни былого
_bиз еврейской народной поэзии
300 _a320 с.
955 _a3
041 _arus
080 _a821.411.16
260 _aМ.
_bСоветский писатель
_c1986
650 7 _a82 Література. Літературознавство
_2UDC
999 _c384102
_d384102